|
|
|
|
| LEADER |
01415pam a2200361 a 4500 |
| 001 |
32563 |
| 005 |
20211115131155.0 |
| 008 |
171231r19881977ilua b 001 0 eng |
| 999 |
|
|
|c 38644
|d 38644
|
| 010 |
|
|
|a 88019079
|
| 020 |
|
|
|a 0226532305
|
| 020 |
|
|
|a 9780226532301
|
| 040 |
|
|
|a DLC
|c DLC
|d DLC
|
| 043 |
|
|
|a a-ii---
|
| 050 |
0 |
0 |
|a NA6002
|b .M52 1988
|
| 082 |
0 |
0 |
|a 726.145
|2 19
|
| 100 |
1 |
|
|a Michell, George.
|9 24383
|
| 245 |
1 |
4 |
|a The Hindu temple :
|b an introduction to its meaning and forms /
|c George Michell ; with a new preface.
|
| 250 |
|
|
|a University of Chicago Press, ed.
|
| 260 |
|
|
|a Chicago :
|b University of Chicago Press,
|c 1988.
|
| 300 |
|
|
|a 192 pages :
|b illustrations ;
|c 23 cm.
|
| 500 |
|
|
|a Reprint, with new pref. Originally published: New York : Harper & Row, c1977. Originally published in series: Icon editions.
|
| 500 |
|
|
|a Includes indexes.
|
| 504 |
|
|
|a Bibliography: p. [185]-186.
|
| 526 |
|
|
|a AAL
|
| 541 |
|
|
|a Trim Education
|e 32563
|
| 650 |
|
0 |
|a Hindu temples.
|9 24384
|
| 650 |
|
0 |
|a Symbolism in architecture
|z India.
|9 24385
|
| 650 |
|
0 |
|a Hinduism.
|9 24386
|
| 650 |
|
0 |
|a Architecture.
|9 42667
|
| 852 |
|
|
|a Ayesha Abed Library
|c General Stacks
|
| 942 |
|
|
|2 ddc
|c BK
|
| 952 |
|
|
|0 0
|1 0
|2 ddc
|4 0
|6 726_145000000000000_MIC
|7 0
|9 62384
|a BRACUL
|b BRACUL
|c GEN
|d 2017-12-28
|e Trim Education
|g 3624.00
|l 8
|m 67
|o 726.145 MIC
|p 3010032563
|q 2026-06-02
|r 2026-05-08
|s 2026-05-08
|t 1
|v 3624.00
|w 2017-12-28
|y BK
|